00387nam a2200145Ia 4500008004100000020001500041041001200056082001600068100001400084245007100098260003500169300000800204650001600212700001300228221030s9999 xx 000 0 und d a817808046X aEnglish a105.23bAho aA. V. Aho 0aCompilers - Principles, Techniques & Toolscby A. V. Aho, R. Sethi bPearson EducationaDelhic2002 a395 aBE Computer aR. Sethi